Ghalib, 1797-1869 / (Record no. 21435)
[ view plain ]
| 000 -LEADER | |
|---|---|
| fixed length control field | 01106nam a2200325 a 4500 |
| 001 - CONTROL NUMBER | |
| control field | 21435 |
| 003 - CONTROL NUMBER IDENTIFIER | |
| rucl marc code | BD-RjUL |
| 005 - DATE AND TIME OF LATEST TRANSACTION | |
| control field | 20260210103951.0 |
| 008 - FIXED-LENGTH DATA ELEMENTS--GENERAL INFORMATION | |
| fixed length control field | 140304s1969 enka b 001 0aeng d |
| 020 ## - INTERNATIONAL STANDARD BOOK NUMBER | |
| International Standard Book Number | 004928021X |
| 035 ## - SYSTEM CONTROL NUMBER | |
| System control number | (BD-RjUL)21435 |
| 040 ## - CATALOGING SOURCE | |
| Original cataloging agency | DLC |
| Transcribing agency | DLC |
| Modifying agency | UKM |
| -- | BD-RjUL |
| Language of cataloging | eng |
| 041 1# - LANGUAGE CODE | |
| Language code of text/sound track or separate title | eng |
| Language code of original | urd |
| -- | per |
| 082 ## - DEWEY DECIMAL CLASSIFICATION NUMBER | |
| Classification number | 891.43913 |
| Author mark and year | GHA 1969 |
| 245 10 - TITLE STATEMENT | |
| Title | Ghalib, 1797-1869 / |
| Statement of responsibility, etc. | translated and edited by Ralph Russell and Khurshidul Islam. |
| Name of part/section of a work | |
| 260 ## - PUBLICATION, DISTRIBUTION, ETC. (IMPRINT) | |
| Place of publication, distribution, etc. | London : |
| Name of publisher, distributor, etc. | Allen & Unwin, |
| Date of publication, distribution, etc. | 1969. |
| 300 ## - PHYSICAL DESCRIPTION | |
| Pagination | V.; |
| Size | 24 cm. |
| 490 1# - SERIES STATEMENT | |
| Series statement | UNESCO collection of representative works. Indian series |
| 500 ## - GENERAL NOTE | |
| General note | No more published. |
| 504 ## - BIBLIOGRAPHY, ETC. NOTE | |
| Bibliography, etc | Bibliography: p. 373. |
| Bibliography, etc | Includes bibliographical references (p. [373]) and index. |
| 505 01 - FORMATTED CONTENTS NOTE | |
| Formatted contents note | Vol.1 Life and letters-- |
| 600 10 - SUBJECT ADDED ENTRY--PERSONAL NAME | |
| Personal name | Ghalib, Mirza Asadullah Khan, |
| Dates associated with a name | 1797-1869 |
| 700 1# - ADDED ENTRY--PERSONAL NAME | |
| Personal name | Russell, Ralph, |
| Dates associated with a name | 1918-2008. |
| Personal name | Ghalib, Mirza Asadullah Khan, |
| Personal name | Ḵẖvurshīdulislām, |
| Dates associated with a name | 1919- |
| 830 #0 - SERIES ADDED ENTRY--UNIFORM TITLE | |
| Uniform title | UNESCO collection of representative works. |
| 942 ## - ADDED ENTRY ELEMENTS (KOHA) | |
| Source of classification or shelving scheme | Dewey Decimal Classification |
| Koha item type | Books |
| Lost status | Source of classification or shelving scheme | Damaged status | Not for loan | Collection code | Permanent Location | Current Location | Shelving location | Date acquired | Source of acquisition | Cost, normal purchase price | Full call number | Date last seen | Copy number | Koha item type | Total Checkouts |
|---|---|---|---|---|---|---|---|---|---|---|---|---|---|---|---|
| Dewey Decimal Classification | Fiction | Central Library, University of Rajshahi | Central Library, University of Rajshahi | General Stacks | 02/04/1973 | Book Centre | 77.00 | 891.43913 GHA V-1 1969 | 04/03/2014 | C-4 | Books | ||||
| Dewey Decimal Classification | Not For Loan | Fiction | Central Library, University of Rajshahi | Central Library, University of Rajshahi | General Stacks | 16/09/1970 | Thomas & Thomas | 52.50 | 891.43913 GHA V-1 1969 | 10/02/2026 | C-1 | Books | |||
| Dewey Decimal Classification | Fiction | Central Library, University of Rajshahi | Central Library, University of Rajshahi | General Stacks | 16/09/1970 | Thomas & Thomas | 52.50 | 891.43913 GHA V-1 1969 | 10/02/2026 | C-2 | Books | ||||
| Dewey Decimal Classification | Fiction | Central Library, University of Rajshahi | Central Library, University of Rajshahi | General Stacks | 14/02/1974 | Book Centre | 77.00 | 891.43913 GHA V-1 1969 | 10/02/2026 | C-3 | Books | ||||
| Dewey Decimal Classification | Fiction | Central Library, University of Rajshahi | Central Library, University of Rajshahi | General Stacks | 04/08/1972 | Book Centre | 77.00 | 891.43913 GHA V-1 1969 | 10/02/2026 | C-5 | Books |